<?xml version="1.0" encoding="UTF-8"?><?xml-stylesheet type="text/xsl" href="static/style.xsl"?><OAI-PMH xmlns="http://www.openarchives.org/OAI/2.0/" xmlns:xsi="http://www.w3.org/2001/XMLSchema-instance" xsi:schemaLocation="http://www.openarchives.org/OAI/2.0/ http://www.openarchives.org/OAI/2.0/OAI-PMH.xsd"><responseDate>2026-06-30T03:49:37Z</responseDate><request verb="GetRecord" identifier="oai:repisalud.isciii.es:20.500.12105/20264" metadataPrefix="marc">https://repisalud.isciii.es/rest/oai/request</request><GetRecord><record><header><identifier>oai:repisalud.isciii.es:20.500.12105/20264</identifier><datestamp>2024-11-28T22:03:27Z</datestamp><setSpec>com_20.500.12105_15322</setSpec><setSpec>com_20.500.12105_2051</setSpec><setSpec>col_20.500.12105_16967</setSpec></header><metadata><record xmlns="http://www.loc.gov/MARC21/slim" xmlns:dcterms="http://purl.org/dc/terms/" xmlns:doc="http://www.lyncode.com/xoai" xmlns:xsi="http://www.w3.org/2001/XMLSchema-instance" xsi:schemaLocation="http://www.loc.gov/MARC21/slim http://www.loc.gov/standards/marcxml/schema/MARC21slim.xsd">
   <leader>00925njm 22002777a 4500</leader>
   <datafield ind2=" " ind1=" " tag="042">
      <subfield code="a">dc</subfield>
   </datafield>
   <datafield ind2=" " ind1=" " tag="720">
      <subfield code="a">Bibiloni Esteva, Maria Del Mar</subfield>
      <subfield code="e">author</subfield>
   </datafield>
   <datafield ind2=" " ind1=" " tag="720">
      <subfield code="a">Salas, Rogelio</subfield>
      <subfield code="e">author</subfield>
   </datafield>
   <datafield ind2=" " ind1=" " tag="720">
      <subfield code="a">Nunez, Georgina M</subfield>
      <subfield code="e">author</subfield>
   </datafield>
   <datafield ind2=" " ind1=" " tag="720">
      <subfield code="a">Villarreal, Jesus Z</subfield>
      <subfield code="e">author</subfield>
   </datafield>
   <datafield ind2=" " ind1=" " tag="720">
      <subfield code="a">Soldevila Verdeguer, Carla</subfield>
      <subfield code="e">author</subfield>
   </datafield>
   <datafield ind2=" " ind1=" " tag="720">
      <subfield code="a">Tur, Josep A</subfield>
      <subfield code="e">author</subfield>
   </datafield>
   <datafield ind2=" " ind1=" " tag="260">
      <subfield code="c">2016-05-20</subfield>
   </datafield>
   <datafield ind2=" " ind1=" " tag="520">
      <subfield code="a">Background and Aims: The increase in overweight and obese children may be linked to increased rates of liver damage and dyslipidaemia. This study aimed to explore the associations of liver biomarkers with overweight/obesity and dyslipidaemia in Mexican children. Methods: The study was a population-based cross-sectional nutritional survey carried out in the State of Nuevo Leon, Mexico. The study included a 414 subjects aged between 2 and 10 years old (47.8% girls) who took part in the State Survey of Nutrition and Health-Nuevo Leon 2011/2012. Associations between alanine aminotransferase (ALT) and aspartate aminotransferase (AST), ALT/AST ratio, and major components of serum lipid profile were assessed. Results: Children with high ALT (defined as >= P-75) showed higher prevalence of dyslipidaemia than their counterparts, with high prevalence of high TChol (P = 0.053), non-HDL-chol, TG, and low HDL-chol. Children with an AST/ALT >= T3 ratio were 0.43-times (95% CI: 0.25-0.74) and 0.27-times (95% CI: 0.17-0.44) low likely to be overweight/obese and to have dyslipidaemia than those with an AST/ALT &lt;T1 ratio, respectively. The risk of high TChol, LDL-chol, non-HDL-chol and TG, and low HDL-chol levels also decreased in AST/ALT ratio groups. Conclusions: Our results pose the need for further investigation on whether AST/ALT may be useful as screening test in the assessment of children with cardiometabolic risk.</subfield>
   </datafield>
   <datafield ind1="8" ind2=" " tag="024">
      <subfield code="a">Bibiloni Esteva MM, Salas R, Nunez GM, Villarreal JZ, Sureda Gomila A, Tur J. Relation between Liver Transaminases and Dyslipidaemia among 2-10 y.o. Northern Mexican Children. PLoS One. 2016 May 20;11(5):e0155994.</subfield>
   </datafield>
   <datafield ind1="8" ind2=" " tag="024">
      <subfield code="a">10.1371/journal.pone.0155994</subfield>
   </datafield>
   <datafield ind1="8" ind2=" " tag="024">
      <subfield code="a">1932-6203</subfield>
   </datafield>
   <datafield ind1="8" ind2=" " tag="024">
      <subfield code="a">PloS One</subfield>
   </datafield>
   <datafield ind1="8" ind2=" " tag="024">
      <subfield code="a">http://hdl.handle.net/20.500.13003/10360</subfield>
   </datafield>
   <datafield ind1="8" ind2=" " tag="024">
      <subfield code="a">27203747</subfield>
   </datafield>
   <datafield ind1="8" ind2=" " tag="024">
      <subfield code="a">L610470876</subfield>
   </datafield>
   <datafield ind1="8" ind2=" " tag="024">
      <subfield code="a">2-s2.0-84991518885</subfield>
   </datafield>
   <datafield ind1="8" ind2=" " tag="024">
      <subfield code="a">http://hdl.handle.net/20.500.12105/20264</subfield>
   </datafield>
   <datafield ind1="8" ind2=" " tag="024">
      <subfield code="a">376291500038</subfield>
   </datafield>
   <datafield ind2="0" ind1="0" tag="245">
      <subfield code="a">Relation between Liver Transaminases and Dyslipidaemia among 2-10 y.o. Northern Mexican Children</subfield>
   </datafield>
</record></metadata></record></GetRecord></OAI-PMH>